Naše kultúrne pamiatky

Podrobná bibliografia
Hlavný autor: Malecová, Mária (Autor)
Médium: Článok
Jazyk:slovenčina
Fyzický popis:Fotogr.
ISSN:1339-0422
Predmet:
On-line prístup:file:///C:/Users/User/Downloads/horizont_3_2016%20(1).pdf

MARC

LEADER 00000nab a2200000 ar4500
001 vtls011704820
003 SK-MaSNL
005 20260305040300.0
008 170728c 2016xo mr|p|||||||000 b|slo
038 |a SNSK 
040 |b slo  |c SNSK  |e AACR2 
041 |a slo 
044 |a xo  |c SK 
080 |a 904  |x (437.672)  |2 2011 
080 |a 622.26  |2 2011 
100 1 |a Malecová, Mária  |4 aut  |9 1555894 
245 1 0 |a Naše kultúrne pamiatky  |c Mária Malecová 
300 |b Fotogr. 
610 2 7 |a Štôlňa Rochus (Rudňany, Slovensko)  |2 snsk  |9 1619803 
650 0 7 |a štôlne  |2 snsk  |9 69940 
650 0 7 |a banské objektyi  |2 snsk  |9 1619804 
650 0 7 |a kultúrne pamiatky  |2 snsk  |9 2862 
651 7 |a Rudňany (Slovensko)  |2 snsk  |9 55588 
651 7 |a Spišská Nová Ves (Slovensko : okres)  |2 snsk  |9 22259 
773 0 |t Horizont : kultúrno-spoločenský mesačník obce Rudňany  |g Roč. XXIII., č. 3 (marec 2016), s. 5, 6  |x 1339-0422 
852 |a SNSK  |b KIS3GCP 
856 4 1 |u file:///C:/Users/User/Downloads/horizont_3_2016%20(1).pdf 
999 |c 3337648  |d 3339578